| 000 | 01086nam a2200301 i 4500 | ||
|---|---|---|---|
| 001 | 13115 | ||
| 003 | KOSZ 005 | ||
| 005 | 20250517063448.0 | ||
| 008 | 070930s1968 pl a f 000 0 pol | ||
| 015 | _aPB 1968/7033 | ||
| 040 |
_aWA N _cWA N _dKOSZ 005/RW |
||
| 041 | 1 |
_apol _hrus |
|
| 080 | _a681.3 | ||
| 100 | 1 |
_aVenikov, Georgij Valentinovič. _eAutor |
|
| 245 | 1 | 0 |
_aUltraszybkie maszyny matematyczne / _cG. W. Wienikow ; tł. Marian Łakomy. |
| 246 | 1 |
_iTyt. oryg.: _aSverhbystrodejstvuûŝie vyčislitel'nye ustrojstva. |
|
| 260 |
_aWarszawa : _bWydawnictwa Naukowo-Techniczne, _c1968. |
||
| 300 |
_a141, [3] s. : _bil. ; _c23 cm. |
||
| 380 | _aKsiążki. | ||
| 490 | 1 | _aAutomatyka | |
| 504 | _aBibliogr. s. 131-[142]. | ||
| 650 | 4 | _aKomputery | |
| 710 | 2 |
_aWydawnictwa Naukowo-Techniczne _4pbl. |
|
| 700 | 1 |
_aŁakomy, Marian _eTłumaczenie |
|
| 856 |
_uhttp://koha.tu.koszalin.pl/cgi-bin/koha/opac-detail.pl?biblionumber=13115 _yKatalog online BPK |
||
| 830 | 0 | _aAutomatyka (Wydawnictwa Naukowo-Techniczne) | |
| 942 |
_2UKD _cKS |
||
| 999 |
_c13115 _d13115 |
||